| 000 | 00656nam a2200205 i 4500 | ||
|---|---|---|---|
| 001 | 186864 | ||
| 003 | ES-MaACL | ||
| 005 | 20230906222746.0 | ||
| 008 | 170223s1929 sp |||| | spa d | ||
| 100 | 1 |
_aEspina, Antonio, _d1894-1972 _947833 |
|
| 245 | 1 | 0 |
_aLuis Candelas _b: el bandido de Madrid / _cpor Antonio Espina. |
| 250 | _a1ª ed. | ||
| 260 |
_aMadrid : _bEspasa-Calpe, _c1929. |
||
| 300 |
_a263 p., [2] h. de lám. ; _c19 cm. |
||
| 490 | 1 |
_aVidas españolas del siglo XIX ; _v3 |
|
| 600 | 0 | 4 |
_aCandelas, Luis. _934459 |
| 830 | 0 |
_aVidas españolas del siglo XIX ; _v3 _9192637 |
|
| 852 |
_aES-MaACL _jC-23216 |
||
| 999 |
_c186864 _d186864 |
||